000
00213 a2200097 4500
001
50287
100
_a
Betts Richards K
245
_a
Surprise Attack
260
_a
Lahore
_b
PAF Book Club
_c
090
_c
32221
_d
32221
942
_a
NUST-CAE
_c
M
_c
24694
999
_c
285360
_d
285360